Landkreise mit Kreissitz und Kfz-Kennzeichen Niedersachsens - Statistiken

Allgemein
  • Dieses Quiz wurde 47 mal gespielt
  • Das Durchschnittsergebnis liegt bei 66 aus 135
Antwortstatistiken
Antworten % Korrekt
H
94%
GÖ, DUD, HMÜ, OHA
88%
Hannover
88%
OS
82%
OS, BSB, MEL, WTL
82%
EMD
79%
Göttingen
79%
OL
79%
BRA
76%
HI, ALF
76%
AUR, NOR
73%
BS
73%
CE
73%
CUX
73%
Hildesheim
73%
Celle
70%
Osnabrück
70%
Cuxhaven
67%
FRI
67%
HE
67%
NI
67%
Nienburg/Weser
67%
Stade
67%
UE
67%
Uelzen
67%
Aurich
64%
DEL
64%
Goslar
64%
STD
64%
WOB
64%
Cloppenburg
61%
CLP
61%
EL
61%
Landkreis Göttingen
61%
LER
61%
Meppen
61%
GS, BRL, CLZ
58%
kreisfreie Stadt Oldenburg
58%
Landkreis Aurich
58%
Landkreis Nienburg/Weser
58%
VER
58%
WHV
58%
Heidekreis
55%
kreisfreie Stadt Braunschweig
55%
kreisfreie Stadt Emden
55%
kreisfreie Stadt Osnabrück
55%
Landkreis Celle
55%
Landkreis Cuxhaven
55%
Landkreis Friesland
55%
Landkreis Goslar
55%
Landkreis Hildesheim
55%
Landkreis Lüneburg
55%
LG
55%
PE
55%
Peine
55%
ROW, BRV
55%
Diepholz
52%
Gifhorn
52%
kreisfreie Stadt Salzgitter
52%
Landkreis Cloppenburg
52%
Landkreis Oldenburg
52%
Landkreis Osnabrück
52%
Landkreis Stade
52%
SZ
52%
VEC
52%
DH, SY
48%
kreisfreie Stadt Wilhelmshaven
48%
kreisfreie Stadt Wolfsburg
48%
Landkreis Leer
48%
Landkreis Uelzen
48%
Rotenburg (Wümme)
48%
Vechta
48%
Verden (Aller)
48%
GF
45%
HK
45%
Landkreis Ammerland
45%
Landkreis Diepholz
45%
Landkreis Emsland
45%
Landkreis Osterholz
45%
Landkreis Peine
45%
Landkreis Rotenburg (Wümme)
45%
Landkreis Vechta
45%
Landkreis Verden
45%
Landkreis Wesermarsch
45%
NOH
45%
WL
45%
Hameln
42%
Helmstedt
42%
HOL
42%
kreisfreie Stadt Delmenhorst
42%
Landkreis Harburg
42%
Landkreis Schaumburg
42%
Nordhorn
42%
HM
39%
Holzminden
39%
JEV
39%
Jever
39%
Landkreis Gifhorn
39%
Landkreis Lüchow-Dannenberg
39%
OHZ
39%
WF
39%
Wolfenbüttel
39%
DAN
36%
Landkreis Grafschaft Bentheim
36%
Landkreis Helmstedt
36%
Landkreis Holzminden
36%
Wittmund
36%
WST
36%
Bad Fallingbostel
33%
Landkreis Wittmund
33%
Northeim
33%
Region Hannover
33%
SHG, RI
33%
Stadthagen
33%
Westerstede
33%
WTM
33%
Landkreis Northeim
30%
Landkreis Wolfenbüttel
30%
Osterholz-Scharmbeck
30%
Winsen (Luhe)
30%
Landkreis Hameln-Pyrmont
27%
Leer (Ostfriesland)
24%
Brake (Unterweser)
21%
NOM, EIN, GAN
18%
Lüchow (Wendland)
15%
STH
12%
Wildeshausen
12%
Hansestadt Lüneburg
9%
ROH
9%
ASD, LIN, MEP
0%
BU, NRÜ, SPR
0%
FAL, SFA, SOL
0%
OTT, WEM
0%
WBG
0%
Keine übereinstimmenden Quizze gefunden
Verteilung der Resultate
Anzahl Personen mit jedem Resultat
Perzentil nach korrekt beantworteten Fragen
Ihre Resultats-Entwicklung
Sie haben dieses Quiz noch nicht gespielt